000 01087cam a22003257a 4500
003 CHAP
005 20220329141755.0
008 971013s1971 r 00010 d
010 _a73605
011 _a74577
035 _a84136
040 _cCHAP
090 _aTesis
100 0 0 _aGarduño Sáenz, Jorge Luis.
_946866
245 0 _aEstudio preliminar del control químico del huizache (Acacia farnesiana, Willd) en la reinvasión de praderas con buffel
260 _aMonterrey, N.L. :
_bEl autor,
_c1971
300 _a59 h.
502 _aTesis (Ing. Agr. Zootecnista) -- ITESM. División de Ciencias Agropecuarias y Marítimas
590 _aALEPH
_b10
_c20130110
_lUCH01
_h1416
590 _aBATCH-UPD
_b10
_c20130110
_lUCH01
_h0907
590 _aBATCH-UPD
_b10
_c20130410
_lUCH01
_h0533
590 _aBATCH-UPD
_b10
_c20130914
_lUCH01
_h1608
590 _aCONVERSION
_b10
_c20130109
_lUCH01
_h1340
650 1 4 _aHerbicidas.
_953691
650 1 4 _aHuizache.
_956839
650 1 4 _aZacate Buffel.
_9123395
901 _aBK
942 _cTESIS
949 _bBC
_cTES
_d-39305
_eTS1
_i84136
_si
999 _c73605
_d73605